[Event "España ch 1ª Division Norte"]
[Site "Barcelona ESP"]
[Date "2005.08.12"]
[Round "3.13"]
[White "Chalmeta Ugas, Jordi"]
[Black "Diaz Sanchez, Jose Francisco"]
[Result "1-0"]
[WhiteElo "2076"]
[BlackElo "2019"]
[PlyCount "149"]
[EventDate "2005.08.11"]
[EventType "team"]
[EventRounds "6"]
[EventCountry "ESP"]
[Source "lmi"]
[SourceDate "2005.08.14"]

1. d4 d5 2. c4 e6 3. Nc3 Nf6 4. Bg5 Nbd7 5. e3 c6 6. Nf3 Qa5 7. Nd2 Bb4 8. Qc2
dxc4 9. Bxf6 Nxf6 10. Bxc4 e5 11. O-O exd4 12. Nb3 Qg5 13. Nxd4 Bxc3 14. bxc3
O-O 15. f4 Qc5 16. Bd3 Nd5 17. Bxh7+ Kh8 18. Rf3 Qxc3 19. Qxc3 Nxc3 20. Bf5
Bxf5 21. Nxf5 f6 22. Ne7 g5 23. Ng6+ Kg7 24. Nxf8 Rxf8 25. Rf2 Re8 26. fxg5
fxg5 27. Raf1 Re7 28. Rf5 Kg6 29. Rf6+ Kg7 30. R6f5 Kg6 31. g4 Nd5 32. Re1 Rxe3
33. Rxe3 Nxe3 34. Ra5 Nxg4 35. Rxa7 b5 36. a4 bxa4 37. Rxa4 Ne5 38. Ra5 Kf6 39.
Kf2 Ng4+ 40. Kg3 Ne5 41. h4 gxh4+ 42. Kxh4 Ke6 43. Kg3 Kd6 44. Kf2 c5 45. Ke2
Kd5 46. Kd1 Nc6 47. Ra8 Kc4 48. Kc1 Nd4 49. Rc8 Nb3+ 50. Kb2 Nd4 51. Rc7 Nb5
52. Rh7 Nd4 53. Rh4 Kb4 54. Rg4 Kc4 55. Rg8 Nc6 56. Ra8 Nd4 57. Ra4+ Kb5 58.
Ra3 Kc4 59. Rc3+ Kb5 60. Rh3 Kc4 61. Kc1 Nb3+ 62. Kc2 Nd4+ 63. Kd2 Nb3+ 64. Ke1
Nd4 65. Rh4 Kc3 66. Rg4 Kd3 67. Rg5 Kc4 68. Rh5 Nb3 69. Rh4+ Nd4 70. Kd2 Kd5
71. Kd3 Ne6 72. Rh5+ Kd6 73. Kc4 Kc6 74. Re5 Kc7 75. Kb5 1-0

[Event "España ch 1ª Division Norte"]
[Site "Barcelona ESP"]
[Date "2005.08.12"]
[Round "3.13"]
[White "Fernandez Molina, Victor Manuel"]
[Black "Prats Rodriguez, Joan Bosco"]
[Result "1-0"]
[WhiteElo "1794"]
[BlackElo "2070"]
[PlyCount "111"]
[EventDate "2005.08.11"]
[EventType "team"]
[EventRounds "6"]
[EventCountry "ESP"]
[Source "lmi"]
[SourceDate "2005.08.14"]

1. d4 d5 2. c4 dxc4 3. e3 Nf6 4. Bxc4 e6 5. Nf3 a6 6. O-O b5 7. Bb3 Bb7 8. Nbd2
c5 9. dxc5 Bxc5 10. Bc2 Qc7 11. b3 Nc6 12. a3 Rd8 13. Bb2 Be7 14. Rc1 Qb8 15.
Qe2 O-O 16. Rfd1 Qa8 17. e4 g6 18. e5 Nd5 19. Ne4 b4 20. Qd2 Nc3 21. Qh6 Nxe4
22. Bxe4 Rxd1+ 23. Rxd1 Rd8 24. Rd6 Bf8 25. Qf4 Rxd6 26. exd6 bxa3 27. Bxa3 Bg7
28. d7 Nd8 29. Bd3 Bxf3 30. gxf3 Qd5 31. Qc7 Bf6 32. Qc5 Qxc5 33. Bxc5 Nb7 34.
Bb6 a5 35. Ba6 Bd8 36. Bxd8 Nxd8 37. Kf1 Kf8 38. Ke2 Ke7 39. Bb5 Nb7 40. Kd3
Kd6 41. Kc4 Kc7 42. Ba4 Nd6+ 43. Kd4 f6 44. Kc5 Nb7+ 45. Kb5 Kxd7 46. Kb6+ Kc8
47. Bd7+ Kxd7 48. Kxb7 Kd6 49. Kb6 Ke5 50. Kxa5 Kf4 51. b4 Kxf3 52. b5 Kxf2 53.
b6 Kg2 54. b7 Kxh2 55. b8=Q+ Kg2 56. Qh8 1-0

[Event "España ch 1ª Division Norte"]
[Site "Barcelona ESP"]
[Date "2005.08.12"]
[Round "3.13"]
[White "Iglesias Ojeda, Fernando"]
[Black "Garcia Gomez, Jose Manuel"]
[Result "1-0"]
[WhiteElo "2041"]
[BlackElo "1781"]
[PlyCount "29"]
[EventDate "2005.08.11"]
[EventType "team"]
[EventRounds "6"]
[EventCountry "ESP"]
[Source "lmi"]
[SourceDate "2005.08.14"]

1. e4 c5 2. d4 cxd4 3. c3 dxc3 4. Nxc3 Nc6 5. Nf3 e6 6. Bc4 Bb4 7. O-O Nge7 8.
Qe2 O-O 9. e5 a6 10. Bd3 d6 11. Bxh7+ Kh8 12. Ng5 g6 13. Qf3 Kg7 14. Qf6+ Kh6
15. Nxf7+ 1-0

[Event "España ch 1ª Division Norte"]
[Site "Barcelona ESP"]
[Date "2005.08.13"]
[Round "4.5"]
[White "Garcia, Raul"]
[Black "Ruiz Vinals, Matias"]
[Result "1-0"]
[WhiteElo "2258"]
[BlackElo "2077"]
[PlyCount "74"]
[EventDate "2005.08.11"]
[EventType "team"]
[EventRounds "6"]
[EventCountry "ESP"]
[Source "lmi"]
[SourceDate "2005.08.14"]

1. d4 d5 2. c4 e6 3. Nc3 c6 4. e3 Bd6 5. Nf3 f5 6. Bd3 Nf6 7. O-O O-O 8. Qc2
Bd7 9. cxd5 cxd5 10. a3 Nc6 11. Nb5 Bb8 12. b4 Qe7 13. Bb2 Rc8 14. Qe2 a5 15.
bxa5 Nxa5 16. Rac1 Rxc1 17. Rxc1 Bxb5 18. Bxb5 Bd6 19. a4 Ne4 20. Qd3 f4 21.
exf4 Bxf4 22. Rc2 Qb4 23. g3 Bd6 24. Bd7 Kf7 25. Ne5+ Bxe5 26. dxe5 Nc4 27. Bd4
Rf8 28. Kg2 Qb1 29. Qe2 Ke7 30. Bb5 Nxe5 31. Rc7+ Kd8 32. Rxb7 Nf7 33. Bxg7
Nfd6 34. Rb8+ Nc8 35. Bxf8 Kc7 36. Rxc8+ Kxc8 37. f3 Nf2 1-0

[Event "España ch 1ª Division Norte"]
[Site "Barcelona ESP"]
[Date "2005.08.13"]
[Round "4.5"]
[White "Oms Pallise, Josep"]
[Black "Segura Ariza, Jose Luis"]
[Result "1-0"]
[WhiteElo "2476"]
[BlackElo "2204"]
[PlyCount "75"]
[EventDate "2005.08.11"]
[EventType "team"]
[EventRounds "6"]
[EventCountry "ESP"]
[Source "lmi"]
[SourceDate "2005.08.14"]

1. d4 d5 2. c4 e6 3. Nf3 c6 4. Qc2 Bd6 5. Bg5 Ne7 6. e3 f6 7. Bh4 Nf5 8. Bg3
Nxg3 9. hxg3 f5 10. Nc3 Nd7 11. Bd3 Nf6 12. cxd5 cxd5 13. Nb5 Bb4+ 14. Ke2 O-O
15. Qc7 Bd7 16. Qxd8 Rfxd8 17. Rac1 Bxb5 18. Bxb5 a6 19. Ba4 Ba5 20. Ng5 Rd6
21. Rc2 h6 22. Nf3 b5 23. Bb3 Nd7 24. a4 b4 25. Rhc1 Kf7 26. Ne1 Ke7 27. Nd3
Rb8 28. Kf3 Bd8 29. g4 fxg4+ 30. Kxg4 a5 31. Kf3 Bb6 32. Ke2 Rf8 33. f3 Rf5 34.
f4 Rh5 35. Kf3 g5 36. Nf2 gxf4 37. exf4 Nf6 38. f5 1-0

[Event "España ch 1ª Division Norte"]
[Site "Barcelona ESP"]
[Date "2005.08.13"]
[Round "4.5"]
[White "Tattersall, Lester"]
[Black "De la Riva Aguado, Oscar"]
[Result "0-1"]
[WhiteElo "2273"]
[BlackElo "2548"]
[PlyCount "82"]
[EventDate "2005.08.11"]
[EventType "team"]
[EventRounds "6"]
[EventCountry "ESP"]
[Source "lmi"]
[SourceDate "2005.08.14"]

1. Nf3 g6 2. g3 Bg7 3. e4 c6 4. d3 d5 5. Nbd2 Nh6 6. Bg2 O-O 7. O-O Na6 8. Nb3
Nc7 9. c3 f6 10. exd5 cxd5 11. d4 Nf7 12. a4 a5 13. Bf4 Nd6 14. Nc5 b6 15. Nd3
g5 16. Bc1 Bf5 17. Nfe1 e5 18. dxe5 fxe5 19. f4 exf4 20. gxf4 Ne4 21. Nc2 Qd7
22. Ne3 Bh3 23. Bxh3 Qxh3 24. Qg4 Qxg4+ 25. Nxg4 d4 26. c4 Ne6 27. f5 N6c5 28.
Nxc5 bxc5 29. Ra3 h5 30. Nf2 Nd6 31. Bxg5 Rxf5 32. Rg3 Nxc4 33. Bh6 Ra7 34.
Rxg7+ Rxg7+ 35. Bxg7 Kxg7 36. Nd3 Rg5+ 37. Kf2 Ne3 38. Rc1 c4 39. Nf4 Kf6 40.
b3 Rf5 41. Kg3 h4+ 0-1

[Event "España ch 1ª Division Norte"]
[Site "Barcelona ESP"]
[Date "2005.08.13"]
[Round "4.6"]
[White "Glavina, Pablo"]
[Black "Panelo, Marcelo"]
[Result "0-1"]
[WhiteElo "2440"]
[BlackElo "2404"]
[PlyCount "82"]
[EventDate "2005.08.11"]
[EventType "team"]
[EventRounds "6"]
[EventCountry "ESP"]
[Source "lmi"]
[SourceDate "2005.08.14"]

1. d4 Nf6 2. c4 e6 3. g3 d5 4. Bg2 dxc4 5. Nf3 c6 6. O-O b5 7. a4 Bb7 8. Ne5 a6
9. axb5 axb5 10. Rxa8 Bxa8 11. Nc3 Nd5 12. e4 Nxc3 13. bxc3 Nd7 14. f4 Be7 15.
Qg4 O-O 16. Nxd7 Qxd7 17. Rd1 Rd8 18. e5 c5 19. Bxa8 Rxa8 20. d5 Ra2 21. Be3 b4
22. f5 exf5 23. Qxc4 Qa4 24. Qf1 b3 25. d6 Bd8 26. Qxf5 b2 27. Rb1 Ra1 28. e6
Rxb1+ 29. Kg2 Qc6+ 30. Kf2 fxe6 31. Qxb1 Qb5 32. c4 Qb3 33. d7 Kf7 34. h4 Bf6
35. Bg5 Bxg5 36. hxg5 Ke7 37. Qxh7 b1=Q 38. Qxg7+ Kd8 39. Qg8+ Ke7 40. Qg7+ Kd6
41. Qf8+ Kc6 0-1

[Event "España ch 1ª Division Norte"]
[Site "Barcelona ESP"]
[Date "2005.08.13"]
[Round "4.6"]
[White "Gomez Anadon, Daniel"]
[Black "Hernando Rodrigo, Jose Maria"]
[Result "0-1"]
[WhiteElo "2315"]
[BlackElo "2351"]
[PlyCount "164"]
[EventDate "2005.08.11"]
[EventType "team"]
[EventRounds "6"]
[EventCountry "ESP"]
[Source "lmi"]
[SourceDate "2005.08.14"]

1. e4 c5 2. Nf3 Nc6 3. d4 cxd4 4. Nxd4 Nf6 5. Nc3 e5 6. Ndb5 h6 7. Nd6+ Bxd6 8.
Qxd6 Qe7 9. Qd1 d6 10. Bc4 a6 11. f3 Be6 12. Bb3 Nd4 13. Be3 Nxb3 14. axb3 O-O
15. O-O Rac8 16. Qd2 Qc7 17. Rfd1 Rfd8 18. Qf2 Qc6 19. Qh4 Ne8 20. Qg3 Kh8 21.
Rd2 Nc7 22. Rad1 f6 23. Qf2 d5 24. exd5 Nxd5 25. Nxd5 Rxd5 26. Bb6 Rxd2 27.
Rxd2 Bxb3 28. c3 Re8 29. Qc5 Qa4 30. h3 e4 31. fxe4 Qxe4 32. Qd4 Qg6 33. Bc7
Be6 34. Kh2 Bf5 35. Bg3 Be4 36. Re2 Bc6 37. Rxe8+ Qxe8 38. Qd3 Qe6 39. Qd2 Qe4
40. Qf2 Kh7 41. Bf4 g5 42. Be3 f5 43. Bd4 h5 44. h4 gxh4 45. Bf6 Qg4 46. Be5
Kg6 47. Bf4 Kf7 48. Qd2 h3 49. gxh3 Qf3 50. Kg1 Qxh3 51. Kf2 Qg2+ 52. Ke3 Qf3+
53. Kd4 Qd5+ 54. Ke3 Qxd2+ 55. Kxd2 h4 56. Ke3 Kg6 57. Kf2 Kh5 58. Ke3 Kg4 59.
Bd6 Bd5 60. Bc7 a5 61. Bd6 a4 62. Bc7 h3 63. Bf4 Bc4 64. Bc7 Kg5 65. Be5 Bd5
66. Bc7 Kf6 67. Bh2 Ke6 68. Kd4 Bc6 69. Bg3 Kd7 70. Kc5 Be4 71. Bf4 Ke6 72. Kd4
b6 73. Kc4 Bc6 74. Bh2 f4 75. Bxf4 Kf5 76. Bh2 Kg4 77. Bc7 Be4 78. Kb4 Kf3 79.
Bd6 Kg2 80. Ka3 b5 81. Bc7 Bd5 82. Bd6 Bc4 0-1

[Event "España ch 1ª Division Norte"]
[Site "Barcelona ESP"]
[Date "2005.08.13"]
[Round "4.6"]
[White "Omar Gonzalez, Raul"]
[Black "Cortes Lizano, Jesus"]
[Result "0-1"]
[WhiteElo "2278"]
[BlackElo "2120"]
[PlyCount "102"]
[EventDate "2005.08.11"]
[EventType "team"]
[EventRounds "6"]
[EventCountry "ESP"]
[Source "lmi"]
[SourceDate "2005.08.14"]

1. d4 Nf6 2. c4 e6 3. Nf3 d5 4. Nc3 c6 5. e3 Nbd7 6. Qc2 Bd6 7. Bd2 O-O 8. Bd3
Re8 9. O-O-O Qc7 10. e4 dxc4 11. Bxc4 e5 12. Be3 b5 13. Bb3 a5 14. a4 b4 15.
Ne2 c5 16. dxe5 Nxe5 17. Nxe5 Bxe5 18. f3 Ba6 19. Bc4 b3 20. Qxb3 Reb8 21. Bb5
Bxb5 22. axb5 a4 23. Qa3 Rxb5 24. Rd2 Rb3 25. Qxc5 Rxe3 26. Qxc7 Bxc7 27. Rhd1
g6 28. Rc2 Ba5 29. Nd4 Re1 30. Nc6 Rxd1+ 31. Kxd1 Bb6 32. Rd2 Kf8 33. Ke2 Ke8
34. g3 Nd7 35. f4 Rc8 36. Rc2 Nb8 37. Nb4 Rxc2+ 38. Nxc2 Nd7 39. g4 Nc5 40. Ke3
Ne6+ 41. Kd3 Nxf4+ 42. Kc4 Bg1 43. h4 h5 44. gxh5 gxh5 45. Kb5 Nd3 46. Kxa4
Nxb2+ 47. Kb5 Ke7 48. Ne1 f6 49. Nf3 Bf2 50. Kb4 Nd3+ 51. Kc4 Ne5+ 0-1

[Event "España ch 1ª Division Norte"]
[Site "Barcelona ESP"]
[Date "2005.08.13"]
[Round "4.6"]
[White "Vidarte Morales, Arturo"]
[Black "Lopez Gracia, Fernando"]
[Result "1-0"]
[WhiteElo "2391"]
[BlackElo "2323"]
[PlyCount "67"]
[EventDate "2005.08.11"]
[EventType "team"]
[EventRounds "6"]
[EventCountry "ESP"]
[Source "lmi"]
[SourceDate "2005.08.14"]

1. Nf3 Nf6 2. g3 d5 3. Bg2 c6 4. O-O Bf5 5. d3 e6 6. Qe1 Be7 7. Nfd2 O-O 8. Nc3
Bg6 9. e4 Ne8 10. f4 Nc7 11. Kh1 f6 12. Nf3 Bf7 13. f5 exf5 14. exf5 Re8 15.
Qf2 Qd7 16. g4 Nba6 17. a3 c5 18. Ne2 d4 19. Nf4 Nd5 20. Nxd5 Bxd5 21. Nd2 Nc7
22. Ne4 Bxe4 23. Bxe4 Nd5 24. Bd2 Bf8 25. c4 Rxe4 26. dxe4 Nb6 27. b3 Qc6 28.
Qg2 Re8 29. Rae1 Nd7 30. g5 Be7 31. Rg1 fxg5 32. e5 Qxg2+ 33. Rxg2 h6 34. h4
1-0

[Event "España ch 1ª Division Norte"]
[Site "Barcelona ESP"]
[Date "2005.08.13"]
[Round "4.7"]
[White "Agüera Naredo, Javier"]
[Black "Peralta, Fernando"]
[Result "1-0"]
[WhiteElo "2354"]
[BlackElo "2553"]
[PlyCount "103"]
[EventDate "2005.08.11"]
[EventType "team"]
[EventRounds "6"]
[EventCountry "ESP"]
[Source "lmi"]
[SourceDate "2005.08.14"]

1. e4 d6 2. d4 Nf6 3. Nc3 g6 4. Be3 c6 5. Qd2 Nbd7 6. Nf3 e5 7. Bc4 b5 8. dxe5
dxe5 9. Bxf7+ Kxf7 10. Nxe5+ Kg8 11. Nxc6 Qc7 12. Nxa7 Ba6 13. Naxb5 Qb7 14. a4
Nxe4 15. Nxe4 Bxb5 16. f3 h6 17. Nd6 Bxd6 18. Qxd6 Qc6 19. Qxc6 Bxc6 20. b3 Kf7
21. O-O-O h5 22. Rd6 Rhc8 23. Re1 Ra5 24. Bd4 Rd5 25. Rxd5 Bxd5 26. Kb2 Nf8 27.
a5 Ne6 28. Be5 Nd8 29. c4 Be6 30. Bc3 Nc6 31. Re4 Rb8 32. Ka3 g5 33. b4 Bf5 34.
Re3 Be6 35. b5 Ne7 36. Be5 Rc8 37. b6 Rxc4 38. b7 Rc2 39. Rb3 Nc6 40. Rb2 Rc5
41. Bc7 Rc3+ 42. Ka4 Rc4+ 43. Kb5 Nd4+ 44. Ka6 Rc6+ 45. Bb6 Rd6 46. Rc2 Nxc2
47. b8=Q Rd7 48. Bc5 Bc4+ 49. Kb6 Bd5 50. Qf8+ Kg6 51. Qe8+ Rf7 52. a6 1-0

[Event "España ch 1ª Division Norte"]
[Site "Barcelona ESP"]
[Date "2005.08.13"]
[Round "4.7"]
[White "Valencia Jimenez, Jose"]
[Black "Ortiz Fernandez-Vega, Alejandro"]
[Result "0-1"]
[WhiteElo "2120"]
[BlackElo "2142"]
[PlyCount "104"]
[EventDate "2005.08.11"]
[EventType "team"]
[EventRounds "6"]
[EventCountry "ESP"]
[Source "lmi"]
[SourceDate "2005.08.14"]

1. Nf3 c5 2. c4 g6 3. e3 Nf6 4. d4 cxd4 5. exd4 d5 6. cxd5 Nxd5 7. Nc3 Bg7 8.
Qb3 Nb6 9. Bb5+ Bd7 10. Bxd7+ N8xd7 11. a4 a5 12. Bf4 O-O 13. O-O Nf6 14. Rac1
Nbd5 15. Be5 Nb4 16. Rfd1 e6 17. Nb5 Nfd5 18. Bd6 Re8 19. Bc7 Qe7 20. Ne5 Rac8
21. Bd6 Qg5 22. Nc4 Nc6 23. Qg3 Qxg3 24. Bxg3 Red8 25. Ncd6 Rb8 26. Nxb7 Rxb7
27. Rxc6 Bf8 28. Rdc1 Nb4 29. Rc8 Rbd7 30. Rxd8 Rxd8 31. Rc7 Nd3 32. b3 Nc5 33.
Bh4 Rd5 34. Bf6 Nd7 35. Bh4 Nc5 36. f3 Nxb3 37. Bf6 h6 38. Rc8 Rd7 39. Rc3 Nd2
40. Kf2 g5 41. Ke2 Bb4 42. Rc2 Nb3 43. g3 Kh7 44. Rc8 Kg6 45. Be5 f6 46. Bb8
Nxd4+ 47. Nxd4 Rxd4 48. Rc6 Rd2+ 49. Ke3 Rxh2 50. Rxe6 Rh1 51. Kd3 h5 52. Be5
Kf5 0-1

[Event "España ch 1ª Division Norte"]
[Site "Barcelona ESP"]
[Date "2005.08.13"]
[Round "4.8"]
[White "Del Barrio Gomez, Jesus M"]
[Black "Peña, Alfredo"]
[Result "1-0"]
[WhiteElo "2238"]
[BlackElo "2247"]
[PlyCount "113"]
[EventDate "2005.08.11"]
[EventType "team"]
[EventRounds "6"]
[EventCountry "ESP"]
[Source "lmi"]
[SourceDate "2005.08.14"]

1. e4 e5 2. Nf3 Nc6 3. Bb5 a6 4. Ba4 Nf6 5. O-O Be7 6. Bxc6 dxc6 7. Qe1 Bd6 8.
d4 Nd7 9. Nc3 O-O 10. dxe5 Nxe5 11. Nxe5 Bxe5 12. f4 Bd6 13. Be3 f6 14. Qg3 Qe7
15. Rae1 Re8 16. Bd4 Bb4 17. a3 Rd8 18. Bf2 Bc5 19. Bxc5 Qxc5+ 20. Qf2 Qe7 21.
e5 f5 22. Rd1 Be6 23. Rxd8+ Rxd8 24. Rd1 Rxd1+ 25. Nxd1 Qd7 26. Ne3 Qd4 27. c3
Qd3 28. h3 c5 29. Kh2 b6 30. g4 g6 31. gxf5 gxf5 32. Ng2 Bc4 33. Qg3+ Qxg3+ 34.
Kxg3 Kf7 35. Ne3 Be6 36. Nf1 c4 37. Kh4 Kg7 38. Ng3 Kg6 39. Nh5 Bd7 40. Nf6 Bc6
41. Ng8 Kf7 42. Nf6 Kg6 43. Kg3 h6 44. Ng8 Bd5 45. Kh4 Kg7 46. Nf6 Bc6 47. Kg3
Kf7 48. Kf2 Bb7 49. Ke3 Bg2 50. h4 a5 51. Kd4 Ke6 52. Kxc4 Bf1+ 53. Kd4 Bb5 54.
c4 c5+ 55. Kd3 Bc6 56. Ke3 Bd7 57. Nd5 1-0

[Event "España ch 1ª Division Norte"]
[Site "Barcelona ESP"]
[Date "2005.08.13"]
[Round "4.8"]
[White "Gonzalez Diaz, Diego"]
[Black "Salgado Lopez, Ivan"]
[Result "1-0"]
[WhiteElo "2257"]
[BlackElo "2340"]
[PlyCount "107"]
[EventDate "2005.08.11"]
[EventType "team"]
[EventRounds "6"]
[EventCountry "ESP"]
[Source "lmi"]
[SourceDate "2005.08.14"]

1. d4 d5 2. Nf3 Nf6 3. e3 c6 4. Ne5 g6 5. Bd3 Bg7 6. Nd2 O-O 7. b3 c5 8. Bb2
Nc6 9. dxc5 Qa5 10. Nxc6 bxc6 11. Bd4 Nd7 12. a3 Nxc5 13. b4 Nxd3+ 14. cxd3 Qc7
15. Bxg7 Kxg7 16. Nb3 f5 17. f4 d4 18. Nxd4 e5 19. fxe5 Qxe5 20. Qf3 Ba6 21.
Qf4 Qxf4 22. exf4 Rf6 23. O-O-O Rd8 24. Nb3 Rxd3 25. Nc5 Rxd1+ 26. Rxd1 Bc4 27.
Rd7+ Rf7 28. Rd6 Bd5 29. b5 Bxg2 30. bxc6 Kh6 31. Ne6 Kh5 32. h3 Kh4 33. Kd2
Re7 34. Kd3 Kxh3 35. Kd4 Kg3 36. Ke5 h5 37. Kf6 Re8 38. c7 Rc8 39. Ke7 h4 40.
Kd7 Rxc7+ 41. Nxc7 h3 42. Rxg6+ Kxf4 43. Ne6+ Ke3 44. Rh6 Kf2 45. Kd6 Kg3 46.
Rg6+ Kf3 47. Ng5+ Kf2 48. Nxh3+ Bxh3 49. Ke5 Bg4 50. Ra6 Kg3 51. Rxa7 Kf2 52.
Kd4 Bf3 53. Kd3 Bg2 54. Ra5 1-0

[Event "España ch 1ª Division Norte"]
[Site "Barcelona ESP"]
[Date "2005.08.13"]
[Round "4.9"]
[White "Fernandez Muixi, Francesc"]
[Black "Llorente Fernandez, Carlos"]
[Result "1/2-1/2"]
[WhiteElo "2097"]
[BlackElo "1925"]
[PlyCount "54"]
[EventDate "2005.08.11"]
[EventType "team"]
[EventRounds "6"]
[EventCountry "ESP"]
[Source "lmi"]
[SourceDate "2005.08.14"]

1. e4 e6 2. d4 d5 3. Nc3 Bb4 4. e5 c5 5. Bd2 Ne7 6. Nb5 Bxd2+ 7. Qxd2 O-O 8.
dxc5 Nd7 9. Qc3 f6 10. exf6 Nxf6 11. f3 Bd7 12. Nh3 b6 13. Bd3 bxc5 14. Qxc5
Qa5+ 15. b4 Qd8 16. Qc7 Bxb5 17. Qxd8 Rfxd8 18. Bxb5 Rab8 19. a4 a6 20. Bd3
Rxb4 21. Kd2 e5 22. Rhb1 Nc6 23. c3 Rbb8 24. Ng5 Na5 25. Kc2 Nc4 26. Bxc4 dxc4
27. Ne4 Nxe4 1/2-1/2

[Event "España ch 1ª Division Norte"]
[Site "Barcelona ESP"]
[Date "2005.08.13"]
[Round "4.9"]
[White "Garcia Garcia, Jose Luis"]
[Black "Velasco Blasco, Juan"]
[Result "1-0"]
[WhiteElo "2219"]
[BlackElo "2181"]
[PlyCount "82"]
[EventDate "2005.08.11"]
[EventType "team"]
[EventRounds "6"]
[EventCountry "ESP"]
[Source "lmi"]
[SourceDate "2005.08.14"]

1. d4 d5 2. c4 Nc6 3. Nf3 Bg4 4. cxd5 Bxf3 5. gxf3 Qxd5 6. e3 e5 7. Nc3 Bb4 8.
Bd2 Bxc3 9. bxc3 exd4 10. cxd4 Nf6 11. Bg2 O-O 12. O-O Rad8 13. Qb3 Qg5 14.
Rfd1 Nh5 15. f4 Qh6 16. Qxb7 Ne7 17. Qf3 Nf5 18. Qg4 g6 19. Rac1 Nf6 20. Qh3
Nh4 21. Bc3 Nd5 22. Ba1 Qh5 23. Rd2 Rfe8 24. Rc5 Nxf4 25. Rxh5 Nxh3+ 26. Bxh3
gxh5 27. Rc2 Rb8 28. Rc1 Rb6 29. Bf1 Reb8 30. Bd3 f5 31. Kf1 c6 32. Ke2 Kf7 33.
Rc5 Kg6 34. Bc3 Re8 35. a4 Rc8 36. a5 Rb3 37. Kd2 Ra3 38. Bc4 Nf3+ 39. Kc2 Nxh2
40. Bb2 Ra4 41. Be6 Rb8 1-0

[Event "España ch 1ª Division Norte"]
[Site "Barcelona ESP"]
[Date "2005.08.13"]
[Round "4.9"]
[White "Herrero Sabartes, Joan"]
[Black "Gonzalez Valero, Julio"]
[Result "0-1"]
[WhiteElo "2303"]
[BlackElo "2288"]
[PlyCount "60"]
[EventDate "2005.08.11"]
[EventType "team"]
[EventRounds "6"]
[EventCountry "ESP"]
[Source "lmi"]
[SourceDate "2005.08.14"]

1. d4 d5 2. c4 c6 3. e3 Nf6 4. Nc3 a6 5. Nf3 b5 6. cxd5 cxd5 7. Bd3 e6 8. O-O
Bb7 9. Ne5 Nbd7 10. f4 Bd6 11. Bd2 O-O 12. Rf3 Ne4 13. Rh3 f5 14. Be1 Rc8 15.
g4 Nxe5 16. fxe5 Be7 17. gxf5 Rxf5 18. Nxe4 dxe4 19. Be2 Bd5 20. b3 Bg5 21. Rc1
Rf3 22. Rxc8 Bxe3+ 23. Bf2 Bxf2+ 24. Kf1 Qxc8 25. Bxf3 exf3 26. Kxf2 Qc3 27.
Rg3 h6 28. Rg4 Qb2+ 29. Kg1 Qxa2 30. Qc1 Qe2 0-1

[Event "España ch 1ª Division Norte"]
[Site "Barcelona ESP"]
[Date "2005.08.13"]
[Round "4.9"]
[White "Santos Santos, Pablo"]
[Black "Perpinya Rofes, Lluis Maria"]
[Result "1-0"]
[WhiteElo "2303"]
[BlackElo "2381"]
[PlyCount "101"]
[EventDate "2005.08.11"]
[EventType "team"]
[EventRounds "6"]
[EventCountry "ESP"]
[Source "lmi"]
[SourceDate "2005.08.14"]

1. d4 Nf6 2. c4 g6 3. Nf3 Bg7 4. g3 d5 5. cxd5 Nxd5 6. Bg2 Nb6 7. O-O Nc6 8. e3
e5 9. Nc3 exd4 10. Nxd4 Nxd4 11. exd4 O-O 12. d5 Re8 13. Qb3 Bf5 14. Bf4 Bd3
15. Rfd1 Ba6 16. Rac1 Nc4 17. Ne4 Nd6 18. Nc5 Rb8 19. h4 Be2 20. Re1 h6 21. Ne6
fxe6 22. Rxe2 e5 23. Be3 a6 24. Qc2 e4 25. Qxc7 Rc8 26. Qxd8 Rexd8 27. Rxc8
Rxc8 28. Bf4 Rd8 29. Rc2 Rd7 30. b3 Bd4 31. Bh3 Nf5 32. h5 Rxd5 33. hxg6 Kg7
34. Rc7+ Kxg6 35. Rxb7 Bc5 36. Rc7 e3 37. Bxf5+ Kxf5 38. Bxe3 Bxe3 39. fxe3 Kg4
40. e4 Rd1+ 41. Kf2 Rd2+ 42. Ke3 Rxa2 43. Rg7+ Kh3 44. e5 Rb2 45. Rg6 Rxb3+ 46.
Kf4 h5 47. Rg5 h4 48. gxh4 Kxh4 49. Rg1 Kh5 50. e6 a5 51. e7 1-0

[Event "España ch 1ª Division Norte"]
[Site "Barcelona ESP"]
[Date "2005.08.13"]
[Round "4.10"]
[White "Iglesias Leon, Francisco J"]
[Black "Rebole Arbea, Iñaki"]
[Result "1-0"]
[WhiteElo "2131"]
[BlackElo "2176"]
[PlyCount "61"]
[EventDate "2005.08.11"]
[EventType "team"]
[EventRounds "6"]
[EventCountry "ESP"]
[Source "lmi"]
[SourceDate "2005.08.14"]

1. b3 d5 2. Bb2 Nf6 3. e3 e6 4. f4 Bd6 5. Nf3 O-O 6. Bb5 a6 7. Be2 Qe7 8. O-O
Nfd7 9. Nc3 c6 10. d4 f6 11. Qe1 b5 12. Qh4 f5 13. Nd1 Qxh4 14. Nxh4 Nf6 15. c4
Bd7 16. c5 Bc7 17. a4 Ne4 18. Nf3 a5 19. axb5 cxb5 20. Nc3 Nxc3 21. Bxc3 Bc6
22. Ra2 Nd7 23. Rfa1 b4 24. Be1 Rfb8 25. Bh4 h6 26. Be7 a4 27. Bd6 Bxd6 28.
cxd6 axb3 29. Rxa8 Rxa8 30. Rxa8+ Bxa8 31. Bb5 1-0

[Event "España ch 1ª Division Norte"]
[Site "Barcelona ESP"]
[Date "2005.08.13"]
[Round "4.10"]
[White "Menendez Rey, Javier"]
[Black "Garbisu De Goni, Unai"]
[Result "0-1"]
[WhiteElo "2218"]
[BlackElo "2463"]
[PlyCount "76"]
[EventDate "2005.08.11"]
[EventType "team"]
[EventRounds "6"]
[EventCountry "ESP"]
[Source "lmi"]
[SourceDate "2005.08.14"]

1. Nf3 f5 2. c4 Nf6 3. Nc3 g6 4. d3 Bg7 5. g3 O-O 6. Bg2 d6 7. O-O Nc6 8. Rb1
e5 9. b4 Qe8 10. b5 Nd8 11. Nd5 Qf7 12. Bg5 Ne6 13. Bxf6 Bxf6 14. Nxf6+ Qxf6
15. Nd2 h5 16. e3 h4 17. Bd5 Kg7 18. Bxe6 Qxe6 19. Qf3 Rb8 20. e4 f4 21. g4
Qxg4+ 22. Qxg4 Bxg4 23. f3 Bh3 24. Rfc1 b6 25. Kf2 Kf7 26. Rb3 Ra8 27. Nb1 a6
28. Rb2 Be6 29. Nc3 Rfc8 30. Ke2 g5 31. Rg1 Rg8 32. Ke1 Ke7 33. Rbg2 axb5 34.
Nxb5 c6 35. Nc3 Ra3 36. Kd2 b5 37. Rxg5 Rxg5 38. Rxg5 b4 0-1

[Event "España ch 1ª Division Norte"]
[Site "Barcelona ESP"]
[Date "2005.08.13"]
[Round "4.10"]
[White "Mombrella Martinez, Gonzalo"]
[Black "Iglesias Valle, Julian"]
[Result "1/2-1/2"]
[WhiteElo "2116"]
[BlackElo "2125"]
[PlyCount "119"]
[EventDate "2005.08.11"]
[EventType "team"]
[EventRounds "6"]
[EventCountry "ESP"]
[Source "lmi"]
[SourceDate "2005.08.14"]

1. e4 d6 2. d4 Nf6 3. Nc3 c6 4. g3 e5 5. Bg2 Be7 6. Nge2 O-O 7. O-O b5 8. a3 a6
9. h3 Re8 10. Be3 Bf8 11. dxe5 dxe5 12. Qxd8 Rxd8 13. Rad1 Re8 14. g4 a5 15.
Ra1 Ba6 16. Rfe1 Nfd7 17. Ng3 b4 18. axb4 axb4 19. Nce2 Nc5 20. Ra5 Nbd7 21.
Rea1 Bb7 22. Rxa8 Rxa8 23. Rxa8 Bxa8 24. Nc1 Ne6 25. Nge2 c5 26. c3 g6 27. f3
Bc6 28. cxb4 cxb4 29. b3 Bb5 30. Bf1 Bc5 31. Bxc5 Ndxc5 32. Na2 Nxb3 33. Nxb4
Nd2 34. Nd5 Nxf1 35. Kxf1 Nd4 36. Ndc3 Bxe2+ 37. Nxe2 Nxf3 38. Kg2 Ng5 39. Nc3
h6 40. h4 Ne6 41. Kf3 f6 42. Nd5 Kf7 43. Ne3 Nd4+ 44. Kg3 Nb3 45. Nd5 Nd2 46.
Nc3 Ke6 47. Kf2 f5 48. exf5+ gxf5 49. gxf5+ Kxf5 50. Ke3 Nc4+ 51. Kf3 h5 52.
Ne4 Kg6 53. Ng3 Nd6 54. Nf1 Nf5 55. Ke4 Kf6 56. Kd5 Ne7+ 57. Ke4 Nf5 58. Kd5
Nxh4 59. Ng3 Ng6 60. Nxh5+ 1/2-1/2

[Event "España ch 1ª Division Norte"]
[Site "Barcelona ESP"]
[Date "2005.08.13"]
[Round "4.10"]
[White "Navarrete Delgado, Sergio"]
[Black "Garcia Gonzalez, Fernando"]
[Result "*"]
[WhiteElo "2207"]
[BlackElo "2159"]
[PlyCount "43"]
[EventDate "2005.08.11"]
[EventType "team"]
[EventRounds "6"]
[EventCountry "ESP"]
[Source "lmi"]
[SourceDate "2005.08.14"]

1. e4 e6 2. d4 b6 3. Bd3 Bb7 4. Nf3 c5 5. c3 Nf6 6. Qe2 Be7 7. O-O d6 8. Rd1
Qc7 9. Bf4 Nbd7 10. Bg3 e5 11. Nbd2 Nh5 12. a4 Nxg3 13. fxg3 a6 14. Nc4 Bf6 15.
dxe5 Nxe5 16. Nxd6+ Kf8 17. Nxb7 Qxb7 18. Nxe5 Bxe5 19. Bc4 Qc8 20. Rd5 f6 21.
Rxe5 fxe5 22. Qf3+ *